00404nam a2200145Ia 4500008004100000020001500041041000800056082001600064100004100080245003100121250000600152260005200158300001300210650003500223210716s2003 xx 000 0 und d a8120321774 aeng a006.42 ANDP aAndleigh, Prabhat K; Thakrar, Kiran. aMultimedia systems design. a1 aNew DelhibPrentice Hall of India PVt Ltdc2003 axvii,654 aGraphics ProgramMultimedia Sys